000 02022nam a2200361 i 4500
003 EG-GICUC
005 20260208000533.0
008 260103s1997 ua ||||fr|||| 000 0 ara d
017 _a97/14339
020 _a977-04-2209-6
040 _a EG-GICUC
_bara
_c EG-GICUC
_d EG-GICUC
_erda
041 _aara
082 0 4 _221
_a345.63
_b ع ل . ق
092 0 4 _221
099 _aLaw1 07 345.63 ع ل . ق 1 ed - 1997
100 0 _aعليوة مصطفى فتح الباب
_eمؤلف.
245 1 2 _aالقرار الإداري الباطل والقرار المعدوم /
_cدكتور عليوة مصطفي فتح الباب.
250 _aالطبعة الاولى
264 1 _aالقاهرة :
_bدار النهضة العربية,
_c1997.
300 _a456 صفحة ؛
_c24 سم
336 _2rda content
_atext
337 _2rda media
_aComputer
338 _2rda carrier
_aOnline Resource
500 _aدراسة القرار الإداري وأركانه وشروط صحته وعيوبه وحالات بطالة وانعدامه، وآثار التمييز بين البطلان والانعدام وأثار القرار الباطل والقرار المعدوم، ونهاية القرار الباطل والقرار المعدوم بسحبه من السلطة التي تملك ذلك أو الغائه من المحكمة المختصة، وآثار السحب. والإلغاء، وأخيرا التعويض عن القرار الباطل والقرار المعدوم في ضوء أراء الفقه وأحدث أحكام وفتاوى مجلس الدولة ومحكمة النقض والمحكمة الدستورية العليا.
546 _aالنص باللغة العربية
650 1 4 _aعيوب القرار الإداري
_2qrmak
650 1 4 _aانعدام القرار الإداري
650 1 4 _aبطلان القرار الإداري
651 1 _2qrmak
856 4 0 _uhttps://fll.law.cu.edu.eg/fulltext/bks/B07-02060.pdf
905 _a79
_eYara
942 _2ddc
_cBK
_e21
_n0
999 _c54003
_d54003